Vyhodnotenie niklového katalyzátora pre stužovanie jedlých olejov a tukov : Obh. 8.6.1993 /

Salvato in:
Dettagli Bibliografici
Autore principale: Balog, Július (Autore)
Natura: Manoscritto Libro
Lingua:slovacco
Pubblicazione: Bratislava : STU v Bratislave ChtF, 1993
Tags: Aggiungi Tag
Nessun Tag, puoi essere il primo ad aggiungerne!!

MARC

LEADER 00000ntm a22000003a 4500
001 stu21603
005 20150617225750.0
008 930723s1993----cs------------------slo-d
040 |a STU  |b slo 
041 0 |a slo 
044 |a cs 
100 1 |a Balog, Július  |4 aut 
245 1 |a Vyhodnotenie niklového katalyzátora pre stužovanie jedlých olejov a tukov :  |b Obh. 8.6.1993 /  |c [aut.]Balog,Július 
260 |a Bratislava :  |b STU v Bratislave ChtF,  |c 1993 
300 |a 94 s :  |b Obr.,tab.,grafy,lit 
500 |a Špec.: Technológia mlieka a tukov 
996 |b CD11496  |c C*D11496  |l CCI  |s A  |a 24  |w stu21603_0001